Statistics for Regina Hall Filmography

Click here to take the quiz!

General Stats

  • This quiz has been taken 8 times
    (3 since last reset)
  • The average score is 9 of 69

Answer Stats

TypeYearName% Correct
Film2000Scary Movie
100%
Film2001Scary Movie 2
100%
Film2003Scary Movie 3
100%
Film2006Scary Movie 4
100%
Award Show2019BET Awards 2019
50%
TV Show2016, 2017Black-ish
50%
TV Show2019-PresentBlack Monday
50%
TV Show2015Key & Peele
50%
Film2000Love & Basketball
50%
Award Show2022The 94th Academy Awards
50%
Film1999The Best Man
50%
Film2013The Best Man Holiday
50%
Film2012Think Like a Man
50%
Film2014Think Like a Man Too
50%
Film2014About Last Night
0%
TV Show2001-2002Ally McBeal
0%
Film2016Barbershop: The Next Cut
0%
TV Special2016BET Presents Love & Happiness: An Obama Celebration
0%
Film2021Breaking News in Yuba County
0%
TV Show2017Carpool Karaoke
0%
TV Film2017Crushed
0%
Film2006Danika
0%
Film2010Death at a Funeral
0%
TV Film2000Disappearing Acts
0%
Film2008First Sunday
0%
Film2017Girls Trip
0%
FilmTBAGirls Trip 2
0%
TV Show2016Grandfathered
0%
Film2022Honk for Jesus. Save Your Soul.
0%
TV Show2017Insecure
0%
TV Mini-Series2017Insecure: Due North
0%
Film2005King's Ransom
0%
Film2009Law Abiding Citizen
0%
TV Show2010-2011Law & Order: LA
0%
Short Film2018Let's Dance
0%
TV Show2016Lip Sync Battle
0%
Film2019Little
0%
TV Show1992Loving
0%
Film2003Malibu's Most Wanted
0%
Film2011Mardi Gras: Spring Break
0%
TV Show2014Married
0%
Film2022Master
0%
Film2022Me Time
0%
Film2017Naked
0%
TV Show1997New York Undercover
0%
Web Mini-Series2021Nine Perfect Strangers
0%
TV Show2000NYPD Blue
0%
FilmTBAO'Dessa
0%
Commercial2019Old Navy
0%
Film2002Paid in Full
0%
Film2015People Places Things
0%
TV Show2014-2015Real Husbands of Hollywood
0%
TV Special2020Saving OurSelves: BET COVID-19 Relief Effort
0%
TV Show2013Second Generation Wayans
0%
Film2019Shaft
0%
Short Film2005Six Months Later
0%
Film2008Superhero Movie
0%
Film2018Support the Girls
0%
Web Series2022The Best Man: The Final Chapters
0%
Film2006The Elder Son
0%
TV Show2017, 2018The Gong Show
0%
Film2018The Hate U Give
0%
Film2005The Honeymooners
0%
Film2002The Other Brother
0%
TV Show2016Uncle Buck
0%
Film2015Vacation
0%
TV Special2017VH1 Hip Hop Honors: The 90's Game Changers
0%
Film2016When the Bough Breaks
0%
TV Film2015With This Ring
0%

Score Distribution

Percentile by Number Answered

Percent of People with Each Score

Your Score History

You have not taken this quiz since the last reset